Statistics for Duke Players in the NBA

Click here to take the quiz!

General Stats

  • This quiz has been taken 469 times
    (434 since last reset)
  • The average score is 7 of 26

Answer Stats

HintAnswer% Correct
2011 G ClevelandKyrie Irving
68%
2002 PG BullsJayson WIlliams
52%
2006. F/C Atlanta. Sacramento, BostonSheldon WIlliams
52%
1994 F Detroit, Orlando, Phoenix, ClippersGrant HIll
48%
2006 G OrlandoJ.J. Redick
46%
2001 F HeatShane Battier
43%
1992 F/C Minnesota, AtlantaChristian Laettner
40%
1999 F/C DallasElton Brand
33%
1993 PG SacramentoBobby Hurley
29%
2002 F ChicagoCarlos Boozer
28%
2004 F BullsLuol Deng
28%
2012 F IndianaMiles Plumee
21%
2011 G PortlandNolan Smith
21%
2012 G, New OrleansAutin Rivers
18%
1992. PG Stanford Head CoachJohnny Dawkins
18%
2011, F DetroitKyle Singler
18%
2003 F DallasDahntay Jones
17%
2009 G/F BobcatsGerald Henderson Jr.
17%
2002, F MilwaukeeMike Dunleavy
16%
1989 F Cleveland, San AntonioDanny Ferry
13%
2004 G LakersChris Duhon
12%
2010, F New OrleansLance Thomas
11%
2007, F OrlandoJosh McRoberts
10%
199 SG, ClevelandTrajan Langdon
7%
1999 F, DetroitCorey Maggette
6%
2005 PF PortlandShavlik Randolph
2%

Score Distribution

Percentile by Number Answered

Percent of People with Each Score

Your Score History

You have not taken this quiz since the last reset